Algierscy sportowcy - nagła śmierć - Statystyki

Ogólne statystyki
  • Ten quiz został rozwiązany 29 razy
  • Średni wynik to 7 z 10
Answers on the Grid
Answers color-coded by a green-red scale on the quiz's grid according to % correct below.
Riyad Mahrez
Samuel Eto’o
Noureddine Morceli
Francis Ngannou
Yaya Touré
Caster Semenya
Islam Slimani
Hasiba Bu-l-Marka
Ismaël Bennacer
Jay-Jay Okocha
Yacine Brahimi
Achraf Hakimi
Imane Khelif
Eliud Kipchoge
Taoufik Makhloufi
Sofiane Feghouli
Sadio Mané
Haile Gebrselassie
Azzedine Lagab
Pierre-Emerick Aubameyang
 
Statystyki odpowiedzi
Odpowiedź % Poprawnych
Riyad Mahrez
96%
Ismaël Bennacer
83%
Islam Slimani
78%
Sofiane Feghouli
78%
Yacine Brahimi
78%
Taoufik Makhloufi
74%
Azzedine Lagab
70%
Imane Khelif
65%
Noureddine Morceli
65%
Hasiba Bu-l-Marka
48%
Nie znaleziono quizów pasujących do podanych kryteriów
Rozkład punktacji
Procent ludzi z każdym wynikiem
Percentyl według liczby udzielonych odpowiedzi
Twoja historia wyników
Nie rozwiązałeś tego quizu